00521nam a2200145 a 450000100100000000500170001000800410002704000250006824500550009326000690014830000270021704900090024495201050025399900170035800002904020200930055307.0110413s20uu dr a 000 0 spa d aDO-SdBNPbspacBNPHU00aExposición de molusco y corales : /ccatálogo. aSanto Domingo :bFundación Dominicana de Desarrollo,c[19--?]. a11 p. :bil. ;c22 cm. aBNPD 0010718PDaPDbPDcCTd2011-04-13iLF1l0o p29040-10r2020-06-25w2020-06-25yLFPDZNo se presta c28532d28532